00455nam a2200193 a 4500001001300000003000900013005001700022008004100039020001000080082001300090100000700103245003800110260003900148300000900187500003500196505001000231650001300241700000700254nice12345678IN_TiNIC20260116011845.0050524s1970 boma grp 000 0 eng  ac10000a230bSSP a,  aTheologians Answer Your Question. aBombaybSt.Paul Publicationsc1970 a224p aincludes index and biblioraphy2 aindex aTheology1 a,